[Event "Nikaia op 23rd"]
[Site "Nikaia"]
[Date "2015.08.27"]
[Round "1"]
[White "Filoxeni, Danai"]
[Black "Kolev, Niki"]
[Result "1-0"]
[WhiteElo "1472"]
[BlackElo "1092"]
[PlyCount "71"]
[EventDate "2015.08.26"]
[EventType "swiss"]
[EventRounds "9"]
[EventCountry "GRE"]
[SourceTitle "EXT 2016"]
[Source "ChessBase"]
[SourceDate "2015.10.08"]
[SourceVersion "1"]
[SourceVersionDate "2015.10.08"]
[SourceQuality "1"]

1. d4 d5 2. c4 e6 3. Nf3 Nf6 4. Bg5 Be7 5. e3 0-0 6. Bd3 h6 7. Bf4 c5 8. 0-0 Nc6 9. dxc5 Bxc5 10. a3 b6 11. b4 Bd6 12. Bxd6 Qxd6 13. Nc3 Bb7 14. Qe2 Rad8 15. Rfd1 Rfe8 16. e4 Ne5 17. cxd5 exd5 18. Bb5 Bc6 19. Bxc6 Qxc6 20. Rac1 Nxf3+ 21. Qxf3 dxe4 22. Qe3 Rxd1+ 23. Rxd1 Rc8 24. Ne2 Qa4 25. Re1 Re8 26. Qc3 Kf8 27. Nd4 a5 28. bxa5 bxa5 29. Nc6 Rc8 30. Qc5+ Kg8 31. Ne7+ Kh7 32. Nxc8 Nd7 33. Qf5+ g6 34. Qxf7+ Kh8 35. Ne7 Ne5 36. Qg8# 1-0